| 000 | 00956cam a22002531i 4500 | ||
|---|---|---|---|
| 003 | SA-RiAUC | ||
| 005 | 20250129070508.0 | ||
| 008 | 250122s1997 ir g 000 0 ara c | ||
| 040 |
_aSA-JeALM _bara _cSA-RiAUC _erda |
||
| 082 | 0 | 4 | _a258.6 |
| 090 |
_a258.6 _bم ط ه |
||
| 100 | 1 |
_aمطهري، مرتضى، _d1919-1979 _eمؤلف. |
|
| 245 | 1 | 0 |
_aنظام حقوق المرأة في الإسلام / _cأية الله مرتضى المطهري. ترجمة د. ابو زهراء النجفي |
| 264 | 1 |
_aطهران : _bرابطة الثقافة، _c1997 |
|
| 300 |
_a392 صفحة _c22 سم |
||
| 336 |
_aنص _btxt _2rdacontent _3كتاب |
||
| 337 |
_aبدون وسيط _bn _2rdamedia |
||
| 338 |
_aمجلد _bnc _2rdacarrier |
||
| 650 | 7 |
_aفقه الشيعة _2aucsh |
|
| 650 | 7 |
_aالمرأة في الإسلام _2aucsh |
|
| 700 |
_aالنجفي، ابو زهراء _eمترجم. |
||
| 942 |
_2ddc _cBOOK _n0 |
||
| 949 |
_aSA-JeALM _d250122 _uosman123 _n1 |
||
| 999 |
_c5385 _d5385 |
||